[Event "DVM U20w 2009"]
[Site "Chemnitz GER"]
[Date "2009.12.29"]
[Round "5"]
[White "Erben, Larissa"]
[Black "Karmann, Anna"]
[Result "1-0"]
[Termination "normal"]
[Board "1.1"]
[WhiteElo "2023"]
[BlackElo "1912"]
[WhiteTeam "SV Stuttgart-Wolfbusch 1956"]
[BlackTeam "SG Porz"]
[PlyCount "89"]
[WhiteFideId "24634590"]
[BlackFideId "24648000"]
[EventCountry "GER"]
[EventRounds "7"]
[EventType "team-swiss"]
[EventDate "2009.12.26"]

1. e4 c6 2. d4 d5 3. Nc3 dxe4 4. Nxe4 Bf5 5. Ng3 Bg6 6. h4 h6 7. h5 Bh7 8. Nf3
Nd7 9. Bd3 Bxd3 10. Qxd3 e6 11. Bd2 Qc7 12. O-O-O Ngf6 13. Ne4 O-O-O 14. g3
Nxe4 15. Qxe4 Nf6 16. Qe2 Bd6 17. Kb1 Rhe8 18. c4 Qe7 19. Ba5 Bc7 20. Bc3 Kb8
21. Ne5 Nd7 22. Qg4 Bxe5 23. dxe5 Qg5 24. Qe4 Nc5 25. Qf3 Qf5+ 26. Qxf5 exf5
27. f3 Ne6 28. Rd6 Kc7 29. Rhd1 b6 30. b4 Ng5 31. R1d3 Ne6 32. Kc2 Rg8 33. Be1
Rge8 34. c5 b5 35. f4 Rg8 36. Bd2 Rge8 37. Kc3 Rg8 38. g4 fxg4 39. Rg3 g5 40.
hxg6 Rxg6 41. f5 Ng5 42. fxg6 Ne4+ 43. Kd3 Nxg3 44. Rxd8 Kxd8 45. g7 1-0

[Event "DVM U20w 2009"]
[Site "Chemnitz GER"]
[Date "2009.12.29"]
[Round "5"]
[White "Zikeli, Julia"]
[Black "Djalalova, Nigora"]
[Result "1-0"]
[Termination "normal"]
[Board "1.2"]
[WhiteElo "1852"]
[BlackElo "1984"]
[WhiteTeam "SG Porz"]
[BlackTeam "SV Stuttgart-Wolfbusch 1956"]
[PlyCount "103"]
[WhiteFideId "24622753"]
[BlackFideId "14202166"]
[EventCountry "GER"]
[EventRounds "7"]
[EventType "team-swiss"]
[EventDate "2009.12.26"]

1. e4 c5 2. Nf3 Nc6 3. d4 cxd4 4. Nxd4 Nf6 5. Nc3 d6 6. Bg5 e6 7. Qd2 Be7 8.
O-O-O O-O 9. Ndb5 Qa5 10. Bf4 a6 11. Nxd6 Rd8 12. Qe2 Bxd6 13. Bxd6 e5 14. Qc4
Ne8 15. Ba3 Rxd1+ 16. Kxd1 Bg4+ 17. f3 Qd8+ 18. Qd5 Bd7 19. Kc1 b5 20. Qc5 Nc7
21. Nd5 Ne6 22. Ne7+ Nxe7 23. Qxe7 Qc8 24. Bd6 Nd4 25. Bd3 f6 26. Bc5 Ne6 27.
Be3 Qc6 28. Rd1 Rc8 29. c3 Re8 30. Qb4 Ra8 31. Bc2 Rd8 32. Rd6 a5 33. Rxc6 axb4
34. Rd6 Bc8 35. Rxd8+ Nxd8 36. cxb4 Nc6 37. Bc5 Be6 38. b3 Bd7 39. a4 Nd4 40.
Bxd4 exd4 41. Kd2 Kf7 42. Kd3 Ke6 43. Kxd4 Kd6 44. f4 h6 45. Bd1 Be8 46. e5+
fxe5+ 47. fxe5+ Kc6 48. Bf3+ Kb6 49. a5+ Kc7 50. Kc5 Bf7 51. Bd5 Be8 52. a6 1-0

[Event "DVM U20w 2009"]
[Site "Chemnitz GER"]
[Date "2009.12.29"]
[Round "5"]
[White "Tunc, Helin"]
[Black "Mijatovic, Andrea"]
[Result "0-1"]
[Termination "normal"]
[Board "1.4"]
[WhiteElo "1534"]
[BlackElo "1869"]
[WhiteTeam "SG Porz"]
[BlackTeam "SV Stuttgart-Wolfbusch 1956"]
[PlyCount "72"]
[WhiteFideId "24659304"]
[BlackFideId "14514524"]
[EventCountry "GER"]
[EventRounds "7"]
[EventType "team-swiss"]
[EventDate "2009.12.26"]

1. d4 d5 2. c4 e6 3. cxd5 exd5 4. Nc3 Nf6 5. Bg5 Be7 6. e3 c6 7. Bd3 O-O 8. Qc2
h6 9. Bf4 Re8 10. Nf3 Bd6 11. Bxd6 Qxd6 12. h3 Nbd7 13. O-O c5 14. dxc5 Nxc5
15. Nb5 Qb6 16. Rac1 Nxd3 17. Qxd3 Re7 18. Rfd1 Be6 19. Ne5 a6 20. Qa3 Qd8 21.
Nd4 Rc7 22. Qa5 Rac8 23. Nd3 Ne4 24. Nf4 Qh4 25. Rxc7 Qxf2+ 26. Kh2 Qg3+ 27.
Kg1 Qxe3+ 28. Kh1 Nf2+ 29. Kh2 Qxf4+ 30. Kg1 Nxh3+ 31. gxh3 Qg3+ 32. Kh1 Qxh3+
33. Kg1 Qg3+ 34. Kh1 Rxc7 35. Nxe6 fxe6 36. Qd2 Rc4 0-1

[Event "DVM U20w 2009"]
[Site "Chemnitz GER"]
[Date "2009.12.29"]
[Round "5"]
[White "Endress, Anna"]
[Black "Lorenz, Nicole"]
[Result "1-0"]
[Termination "normal"]
[Board "2.1"]
[WhiteElo "2090"]
[BlackElo "1889"]
[WhiteTeam "TSV Schott-Mainz"]
[BlackTeam "SG Grün-Weiß Dresden"]
[PlyCount "107"]
[WhiteFideId "24629472"]
[BlackFideId "24623709"]
[EventCountry "GER"]
[EventRounds "7"]
[EventType "team-swiss"]
[EventDate "2009.12.26"]

1. e4 d6 2. d4 g6 3. Nc3 Bg7 4. Be3 Nf6 5. Qd2 O-O 6. O-O-O c6 7. Bh6 b5 8.
Bxg7 Kxg7 9. f3 a5 10. h4 a4 11. h5 Rh8 12. e5 Nfd7 13. Ne4 d5 14. Nf2 Nb6 15.
Ngh3 Nc4 16. Bxc4 bxc4 17. hxg6 fxg6 18. e6 Bxe6 19. Qe3 Bxh3 20. Nxh3 Qd6 21.
Ng5 Nd7 22. Rde1 Rae8 23. f4 Nf6 24. Ne6+ Kf7 25. Ng5+ Kg7 26. Rhf1 h6 27. Ne6+
Kf7 28. f5 g5 29. Nc5 a3 30. b3 cxb3 31. cxb3 Rc8 32. Re2 Rc7 33. Kb1 Rcc8 34.
Rfe1 Rc7 35. Qh3 g4 36. Qd3 Rhc8 37. Qd2 Ng8 38. Re6 Qh2 39. Nd3 Qg3 40. Ne5+
Kf8 41. Ng6+ Kf7 42. R1e3 Qh2 43. Ne5+ Kf8 44. Qf2 Qh5 45. Re1 g3 46. Qf4 Qh2
47. Ng6+ Kf7 48. Nh8+ Kg7 49. Qe5+ Kh7 50. Ng6 Nf6 51. Rxe7+ Rxe7 52. Qxe7+ Kg8
53. Qe6+ Kg7 54. Qxc8 1-0

[Event "DVM U20w 2009"]
[Site "Chemnitz GER"]
[Date "2009.12.29"]
[Round "5"]
[White "Stark, Saskia"]
[Black "Frey, Alisa"]
[Result "0-1"]
[Termination "normal"]
[Board "2.2"]
[WhiteElo "1956"]
[BlackElo "2038"]
[WhiteTeam "SG Grün-Weiß Dresden"]
[BlackTeam "TSV Schott-Mainz"]
[PlyCount "126"]
[WhiteFideId "4601050"]
[BlackFideId "24634662"]
[EventCountry "GER"]
[EventRounds "7"]
[EventType "team-swiss"]
[EventDate "2009.12.26"]

1. e4 e5 2. Nf3 Nc6 3. d4 exd4 4. Nxd4 Bc5 5. Nb3 Bb6 6. Nc3 d6 7. Be2 Nf6 8.
O-O Qe7 9. Nd5 Nxd5 10. exd5 Ne5 11. Bb5+ Bd7 12. Bxd7+ Qxd7 13. Bf4 O-O 14.
Bxe5 dxe5 15. c4 a6 16. Qe2 Rfe8 17. c5 Ba7 18. Qc4 b6 19. Rfd1 bxc5 20. Qxa6
Bb6 21. Qc4 Ra4 22. Nxc5 Rxc4 23. Nxd7 Bd4 24. Rac1 Ra4 25. a3 Bxb2 26. Rxc7
Rxa3 27. Kf1 Bd4 28. Rd2 Ra5 29. Rdc2 f6 30. Nc5 Bxc5 31. R7xc5 Rxc5 32. Rxc5
Rd8 33. Ke2 Rd7 34. Kd3 Kf7 35. Ke4 Ke7 36. Rc2 Ra7 37. Rd2 Ra4+ 38. Ke3 Kd6
39. g3 f5 40. Kf3 g5 41. Rb2 Kxd5 42. Rb8 g4+ 43. Ke2 Ke4 44. Rb7 h5 45. Kf1 f4
46. gxf4 exf4 47. Rb3 h4 48. h3 Ra1+ 49. Kg2 f3+ 50. Kh2 g3+ 51. fxg3 Ra2+ 52.
Kg1 hxg3 53. Rb1 Rg2+ 54. Kf1 Rf2+ 55. Kg1 Rd2 56. h4 Rd4 57. Rf1 Kf4 58. Ra1
Kg4 59. Rf1 Rd3 60. Rc1 Kxh4 61. Rc4+ Kh3 62. Rc1 Rd2 63. Rf1 f2+ 0-1

[Event "DVM U20w 2009"]
[Site "Chemnitz GER"]
[Date "2009.12.29"]
[Round "5"]
[White "Voss, Chantal"]
[Black "Dorn, Carina"]
[Result "1-0"]
[Termination "normal"]
[Board "2.3"]
[WhiteElo "1868"]
[BlackElo "1867"]
[WhiteTeam "TSV Schott-Mainz"]
[BlackTeam "SG Grün-Weiß Dresden"]
[PlyCount "49"]
[WhiteFideId "4664906"]
[BlackFideId "24666335"]
[EventCountry "GER"]
[EventRounds "7"]
[EventType "team-swiss"]
[EventDate "2009.12.26"]

1. d4 Nf6 2. c4 e6 3. Nf3 b6 4. g3 Ba6 5. Qc2 c5 6. Bg2 Bb7 7. O-O cxd4 8. Nxd4
Bxg2 9. Kxg2 Be7 10. e4 O-O 11. e5 Ne8 12. Nc3 Nc7 13. Be3 d5 14. Rfd1 Qc8 15.
Rac1 Rd8 16. cxd5 Qb7 17. Ndb5 Nba6 18. Kg1 Nxd5 19. Qe4 Nc5 20. Qg2 Rac8 21.
b4 Nxb4 22. Qxb7 Rxd1+ 23. Nxd1 Nxb7 24. Rxc8+ Bf8 25. Nxa7 1-0

[Event "DVM U20w 2009"]
[Site "Chemnitz GER"]
[Date "2009.12.29"]
[Round "5"]
[White "Kosovska, Olena"]
[Black "Voss, Janine"]
[Result "1-0"]
[Termination "normal"]
[Board "2.4"]
[WhiteElo "1850"]
[BlackElo "1820"]
[WhiteTeam "SG Grün-Weiß Dresden"]
[BlackTeam "TSV Schott-Mainz"]
[PlyCount "63"]
[WhiteFideId "4647963"]
[BlackFideId "24677329"]
[EventCountry "GER"]
[EventRounds "7"]
[EventType "team-swiss"]
[EventDate "2009.12.26"]

1. c4 Nf6 2. Nc3 d5 3. cxd5 Nxd5 4. d4 g6 5. e4 Nxc3 6. bxc3 Bg7 7. Bc4 c5 8.
Ne2 cxd4 9. cxd4 O-O 10. O-O Nc6 11. Be3 Bg4 12. f3 Na5 13. Bxf7+ Rxf7 14. fxg4
Rxf1+ 15. Qxf1 Nc4 16. Bf2 Nd2 17. Qc1 Nxe4 18. Qc4+ Kh8 19. Be3 Rc8 20. Qb3
Qd7 21. h3 Nd2 22. Qd3 Nc4 23. Bf2 Qb5 24. Rc1 e5 25. Nc3 Qd7 26. Ne4 b5 27. d5
Rd8 28. d6 a6 29. Bh4 Qa7+ 30. Kh2 Rd7 31. Qd5 Qd4 32. Qa8+ 1-0

[Event "DVM U20w 2009"]
[Site "Chemnitz GER"]
[Date "2009.12.29"]
[Round "5"]
[White "Kleinschmidt, Annika"]
[Black "Sonnhalter, Stella"]
[Result "1-0"]
[Termination "normal"]
[Board "3.1"]
[WhiteElo "1568"]
[BlackElo "1730"]
[WhiteTeam "SK Nordhorn-Blanke"]
[BlackTeam "SC Réti Heusweiler"]
[PlyCount "57"]
[WhiteFideId "24670049"]
[BlackFideId "4624815"]
[EventCountry "GER"]
[EventRounds "7"]
[EventType "team-swiss"]
[EventDate "2009.12.26"]

1. e4 c5 2. Nc3 a6 3. g3 b5 4. Bg2 Bb7 5. d3 e6 6. Nge2 d5 7. O-O Ne7 8. a3 Ng6
9. f4 d4 10. Nb1 Be7 11. f5 exf5 12. exf5 Bxg2 13. Kxg2 Ne5 14. Nf4 Nbc6 15.
Nd2 Qd7 16. Nh5 g6 17. f6 Bd6 18. Nf4 h5 19. Re1 Kf8 20. Nf3 h4 21. Ng5 hxg3
22. hxg3 Ng4 23. Nge6+ fxe6 24. Nxe6+ Kg8 25. Qxg4 Qh7 26. Bf4 Qh2+ 27. Kf3 Kf7
28. Ng5+ Kg8 29. Qe6+ 1-0

[Event "DVM U20w 2009"]
[Site "Chemnitz GER"]
[Date "2009.12.29"]
[Round "5"]
[White "Alt, Elisabeth"]
[Black "Veelders, Wiebke"]
[Result "1/2-1/2"]
[Termination "normal"]
[Board "3.2"]
[WhiteElo "1328"]
[BlackElo "1484"]
[WhiteTeam "SC Réti Heusweiler"]
[BlackTeam "SK Nordhorn-Blanke"]
[PlyCount "87"]
[WhiteFideId "24692620"]
[BlackFideId "1270955"]
[EventCountry "GER"]
[EventRounds "7"]
[EventType "team-swiss"]
[EventDate "2009.12.26"]

1. e4 e6 2. f4 d5 3. e5 c5 4. Nf3 Nc6 5. c3 a6 6. Na3 b5 7. Nc2 Qb6 8. d4 f6 9.
Be3 Bd7 10. Be2 h6 11. Nh4 O-O-O 12. O-O Be8 13. Bh5 c4 14. Ng6 Bxg6 15. Bxg6
Nge7 16. Bf7 Nb8 17. Qg4 f5 18. Qg3 Rd7 19. Bh5 Qd8 20. a4 g6 21. Bf3 Rg8 22.
axb5 axb5 23. Ra8 Nec6 24. Rfa1 Rb7 25. Bd2 Qe8 26. Kf1 Rgg7 27. Bd1 Ra7 28.
R8xa7 Rxa7 29. Rxa7 Nxa7 30. Ne3 Nac6 31. b3 Qf7 32. Qf2 Qa7 33. bxc4 bxc4 34.
Nc2 Be7 35. g4 Bf8 36. h3 Qf7 37. Be3 Be7 38. gxf5 Qxf5 39. Bg4 Qd3+ 40. Qe2
Qxe2+ 41. Kxe2 Kd7 42. Bf3 h5 43. Kd1 Ke8 44. Kd2 1/2-1/2

[Event "DVM U20w 2009"]
[Site "Chemnitz GER"]
[Date "2009.12.29"]
[Round "5"]
[White "Baisakow, Christine"]
[Black "Brühan, Caren"]
[Result "1-0"]
[Termination "normal"]
[Board "3.3"]
[WhiteElo "1476"]
[BlackElo "1288"]
[WhiteTeam "SK Nordhorn-Blanke"]
[BlackTeam "SC Réti Heusweiler"]
[PlyCount "95"]
[WhiteFideId "24680052"]
[BlackFideId "24691976"]
[EventCountry "GER"]
[EventRounds "7"]
[EventType "team-swiss"]
[EventDate "2009.12.26"]

1. e4 c5 2. Nf3 Nc6 3. d4 cxd4 4. Nxd4 g6 5. c4 Bg7 6. Be3 Nf6 7. Nc3 O-O 8.
Be2 d6 9. f3 Re8 10. O-O Nd7 11. Qd2 a5 12. Nd5 Nc5 13. Nb5 Rb8 14. Rab1 Bd7
15. Rfd1 Ne5 16. Ndc7 Rf8 17. Bxc5 dxc5 18. Qxa5 Nc6 19. Qd2 Nd4 20. Kf1 Bxb5
21. Nxb5 Nxb5 22. cxb5 Qxd2 23. Rxd2 Rfd8 24. Rbd1 Bd4 25. b4 b6 26. bxc5 bxc5
27. Bc4 Rb6 28. a4 Ra8 29. Ra2 Ra5 30. f4 Kg7 31. Ke2 e6 32. g4 f6 33. g5 fxg5
34. fxg5 h6 35. gxh6+ Kxh6 36. Rf1 Kg7 37. Kf3 g5 38. Kg4 Kg6 39. Rf8 Kg7 40.
Rc8 Be3 41. Rc6 Rxc6 42. bxc6 Bf4 43. Bxe6 Kf6 44. Bb3 Ke7 45. h4 Kd6 46. Bd5
c4 47. Bxc4 Kxc6 48. hxg5 1-0

[Event "DVM U20w 2009"]
[Site "Chemnitz GER"]
[Date "2009.12.29"]
[Round "5"]
[White "Puffay, Jana"]
[Black "Warmer, Marina"]
[Result "0-1"]
[Termination "normal"]
[Board "3.4"]
[WhiteElo "1289"]
[BlackElo "1337"]
[WhiteTeam "SC Réti Heusweiler"]
[BlackTeam "SK Nordhorn-Blanke"]
[PlyCount "102"]
[WhiteFideId "24692360"]
[BlackFideId "12909840"]
[EventCountry "GER"]
[EventRounds "7"]
[EventType "team-swiss"]
[EventDate "2009.12.26"]

1. e4 e6 2. f4 d5 3. e5 c5 4. Nf3 Nc6 5. c3 Qb6 6. Na3 Bd7 7. Nc2 Nge7 8. d4
Nf5 9. Bd3 cxd4 10. Bxf5 dxc3 11. bxc3 exf5 12. Nfd4 Bc5 13. Be3 Qa5 14. Qd2
O-O 15. O-O Rfc8 16. Nb3 Bxe3+ 17. Nxe3 Qb6 18. Kh1 Na5 19. Nxd5 Nxb3 20. axb3
Qe6 21. c4 Rc5 22. Rfd1 b5 23. Ne3 Be8 24. Ra5 g6 25. b4 Rcc8 26. c5 Bc6 27.
Qe2 Qe8 28. Rd6 Kg7 29. h3 Qe7 30. Kh2 Qh4 31. g3 Qe7 32. Qd2 Rd8 33. Ra6 Rxd6
34. exd6 Qd7 35. Ra1 Re8 36. Re1 Qe6 37. Nc2 Qd7 38. Rxe8 Qxe8 39. Qd4+ f6 40.
Ne3 Qe6 41. Qd2 Kf7 42. Nc2 Qe4 43. Kg1 Qh1+ 44. Kf2 Qg2+ 45. Ke3 Qxg3+ 46. Kd4
Qf3 47. Ne3 Qxf4+ 48. Kc3 Qe5+ 49. Qd4 Qxd4+ 50. Kxd4 Ke6 51. Nc2 g5 0-1

[Event "DVM U20w 2009"]
[Site "Chemnitz GER"]
[Date "2009.12.29"]
[Round "5"]
[White "Drewes, Carina"]
[Black "Hoffmann, Hanna Dorina"]
[Result "1-0"]
[Termination "normal"]
[Board "4.1"]
[WhiteElo "1789"]
[BlackElo "1589"]
[WhiteTeam "SF Düsseldorf 75"]
[BlackTeam "Dortmunder SV 1875"]
[PlyCount "53"]
[WhiteFideId "24600296"]
[BlackFideId "12909858"]
[EventCountry "GER"]
[EventRounds "7"]
[EventType "team-swiss"]
[EventDate "2009.12.26"]

1. d4 d5 2. Nf3 Nf6 3. Bf4 c6 4. c3 Bf5 5. h3 e6 6. e3 Bd6 7. Bxd6 Qxd6 8. Bd3
Bxd3 9. Qxd3 O-O 10. O-O Nbd7 11. Nbd2 Rfe8 12. e4 e5 13. dxe5 Nxe5 14. Nxe5
Rxe5 15. Nc4 Qe7 16. Nxe5 Qxe5 17. exd5 Nxd5 18. Qf3 Nf6 19. Rfe1 Qb5 20. b3
Qa5 21. c4 Re8 22. Rxe8+ Nxe8 23. Qe4 Nf6 24. Qe7 h6 25. Qxb7 Qc3 26. Rf1 Ne4
27. Qc8+ 1-0

[Event "DVM U20w 2009"]
[Site "Chemnitz GER"]
[Date "2009.12.29"]
[Round "5"]
[White "Büttner, Sarah"]
[Black "Brustina, Valeriya"]
[Result "1-0"]
[Termination "normal"]
[Board "4.2"]
[WhiteElo "1326"]
[BlackElo "1353"]
[WhiteTeam "Dortmunder SV 1875"]
[BlackTeam "SF Düsseldorf 75"]
[PlyCount "85"]
[WhiteFideId "12909866"]
[EventCountry "GER"]
[EventRounds "7"]
[EventType "team-swiss"]
[EventDate "2009.12.26"]

1. d4 d5 2. c4 c6 3. Nc3 e6 4. Nf3 g6 5. e3 Bg7 6. Bd3 Ne7 7. O-O O-O 8. b4 Nd7
9. Ba3 e5 10. Nxe5 Nxe5 11. dxe5 Bxe5 12. Rc1 Qd6 13. f4 Bxc3 14. Rxc3 d4 15.
Bb1 Rd8 16. b5 c5 17. exd4 Bg4 18. Qd2 Bf5 19. Bxf5 Nxf5 20. d5 b6 21. Bb2 a6
22. a4 axb5 23. axb5 Ra2 24. Ra3 Rxa3 25. Bxa3 Re8 26. Rf3 Re4 27. Bb2 Rxc4 28.
Be5 Qd7 29. Rd3 Nd6 30. Bxd6 Qxd6 31. g3 Rb4 32. Ra3 Rxb5 33. Ra8+ Kg7 34. Qc3+
Qf6 35. Rg8+ Kxg8 36. Qxf6 c4 37. d6 Rd5 38. Qd8+ Kg7 39. Qxb6 c3 40. Qc7 Rd1+
41. Kg2 Rd2+ 42. Kh3 c2 43. Qc3+ 1-0

[Event "DVM U20w 2009"]
[Site "Chemnitz GER"]
[Date "2009.12.29"]
[Round "5"]
[White "Biryuk, Svitlana"]
[Black "Friese, Sarah"]
[Result "1/2-1/2"]
[Termination "normal"]
[Board "4.3"]
[WhiteElo "1135"]
[BlackElo "1311"]
[WhiteTeam "SF Düsseldorf 75"]
[BlackTeam "Dortmunder SV 1875"]
[PlyCount "52"]
[BlackFideId "24691950"]
[EventCountry "GER"]
[EventRounds "7"]
[EventType "team-swiss"]
[EventDate "2009.12.26"]

1. c4 e6 2. d4 d5 3. e3 Nf6 4. Nf3 c5 5. Nc3 dxc4 6. Bxc4 Nc6 7. O-O cxd4 8.
Nxd4 Nxd4 9. Qxd4 Qxd4 10. exd4 a6 11. Re1 Be7 12. d5 b5 13. Bb3 b4 14. Na4
exd5 15. Nb6 Rb8 16. Nxd5 Nxd5 17. Bxd5 h5 18. Bf4 Rb6 19. Rad1 Kf8 20. Bc7 Rg6
21. Bf3 Bg4 22. Bxg4 hxg4 23. Bd8 Re6 24. Bxe7+ Kxe7 25. Rxe6+ Kxe6 26. Rd4 Rc8
1/2-1/2

[Event "DVM U20w 2009"]
[Site "Chemnitz GER"]
[Date "2009.12.29"]
[Round "5"]
[White "Finke, Lara"]
[Black "Wichtmann, Barbara"]
[Result "1/2-1/2"]
[Termination "normal"]
[Board "4.4"]
[WhiteElo "1258"]
[BlackElo "1037"]
[WhiteTeam "Dortmunder SV 1875"]
[BlackTeam "SF Düsseldorf 75"]
[PlyCount "82"]
[WhiteFideId "12909874"]
[EventCountry "GER"]
[EventRounds "7"]
[EventType "team-swiss"]
[EventDate "2009.12.26"]

1. e4 e5 2. Nf3 Nc6 3. Bb5 Nf6 4. O-O d6 5. Re1 g6 6. c3 a6 7. Ba4 b5 8. Bc2
Bg7 9. h3 O-O 10. d4 Bb7 11. Bg5 h6 12. Bh4 Qe8 13. Nbd2 Nd7 14. Nb3 Nb6 15.
Rb1 Nc4 16. d5 Ne7 17. Bd3 Nb6 18. Na5 Bc8 19. c4 bxc4 20. Nxc4 Nxc4 21. Bxc4
f5 22. Bxe7 Qxe7 23. Bd3 f4 24. Rc1 Bb7 25. Rc3 Qd7 26. Nh4 g5 27. Nf5 c6 28.
dxc6 Bxc6 29. Rxc6 Rxf5 30. Bc4+ Kh7 31. Qxd6 Qxd6 32. Rxd6 Rf6 33. Red1 Rxd6
34. Rxd6 Rb8 35. b3 a5 36. Kf1 Rc8 37. a4 Rc7 38. Ke2 Bf8 39. Rd5 Rc5 40. Kd3
Kg6 41. Ke2 Kf6 1/2-1/2

[Event "DVM U20w 2009"]
[Site "Chemnitz GER"]
[Date "2009.12.29"]
[Round "5"]
[White "Groschwitz, Isabella"]
[Black "Bachem, Sabrina"]
[Result "0-1"]
[Termination "normal"]
[Board "5.1"]
[WhiteElo "1503"]
[BlackElo "1474"]
[WhiteTeam "SF Fichtelgebirge"]
[BlackTeam "TTC GW Fritzdorf 1958"]
[PlyCount "94"]
[EventCountry "GER"]
[EventRounds "7"]
[EventType "team-swiss"]
[EventDate "2009.12.26"]

1. d4 Nf6 2. Nf3 g6 3. Bf4 Bg7 4. e3 d6 5. Bd3 O-O 6. c3 Nbd7 7. Qc2 Nh5 8. Bg3
c6 9. Nbd2 Re8 10. O-O-O b5 11. Qb3 Nb6 12. Kb1 Be6 13. c4 Rb8 14. Qc2 bxc4 15.
Nxc4 Nxc4 16. Bxc4 Bxc4 17. Qxc4 Qb6 18. Qc2 c5 19. Rd3 c4 20. Rc3 Nxg3 21.
hxg3 d5 22. Ng5 h6 23. Nh3 e5 24. b3 exd4 25. exd4 Bxd4 26. Rf3 Rec8 27. Qd1 c3
28. Qc2 g5 29. Nxg5 Qg6 30. Nxf7 Qxc2+ 31. Kxc2 Bg7 32. Nxh6+ Bxh6 33. Rxh6 d4
34. Rd6 Rd8 35. Rxd8+ Rxd8 36. Rd3 Kf7 37. f4 Ke6 38. g4 Kd5 39. g5 Re8 40. Kd1
Ke4 41. Rf3 d3 42. g6 Kd4 43. Rf1 c2+ 44. Kc1 Kc3 45. Rd1 d2+ 46. Rxd2 Re1+ 47.
Rd1 Rxd1# 0-1

[Event "DVM U20w 2009"]
[Site "Chemnitz GER"]
[Date "2009.12.29"]
[Round "5"]
[White "Bachem, Lisa"]
[Black "Zürner, Bianca"]
[Result "1-0"]
[Termination "normal"]
[Board "5.2"]
[WhiteElo "1221"]
[BlackElo "1329"]
[WhiteTeam "TTC GW Fritzdorf 1958"]
[BlackTeam "SF Fichtelgebirge"]
[PlyCount "39"]
[WhiteFideId "12909912"]
[BlackFideId "12909963"]
[EventCountry "GER"]
[EventRounds "7"]
[EventType "team-swiss"]
[EventDate "2009.12.26"]

1. e4 e5 2. Nf3 Nc6 3. Bc4 Bc5 4. d3 Nf6 5. O-O O-O 6. Bg5 h6 7. Bh4 Qe7 8. Nc3
g5 9. Bg3 a6 10. Nd5 Qd6 11. Qd2 Nh5 12. Kh1 Nxg3+ 13. fxg3 b6 14. Nxg5 Na5 15.
Nf6+ Kg7 16. Nh5+ Kg8 17. Bxf7+ Rxf7 18. Nxf7 Qc6 19. Nxh6+ Kh8 20. Qg5 1-0

[Event "DVM U20w 2009"]
[Site "Chemnitz GER"]
[Date "2009.12.29"]
[Round "5"]
[White "Heym, Alexandra"]
[Black "Jentsch, Corinna"]
[Result "1/2-1/2"]
[Termination "normal"]
[Board "5.3"]
[WhiteElo "1206"]
[BlackElo "1105"]
[WhiteTeam "SF Fichtelgebirge"]
[BlackTeam "TTC GW Fritzdorf 1958"]
[PlyCount "84"]
[EventCountry "GER"]
[EventRounds "7"]
[EventType "team-swiss"]
[EventDate "2009.12.26"]

1. e4 d6 2. d4 Nf6 3. Nc3 g6 4. Nf3 Bg7 5. Bc4 a6 6. Bf4 b5 7. Bb3 Bd7 8. Qe2
O-O 9. O-O Re8 10. Rad1 Bc6 11. Rfe1 Nfd7 12. e5 Kf8 13. Ng5 e6 14. exd6 cxd6
15. Bxd6+ Kg8 16. d5 Qxg5 17. dxc6 Nxc6 18. Ne4 Qd8 19. Nc5 Nxc5 20. Bxc5 Qc8
21. c3 Na5 22. Bd4 Nxb3 23. Bxg7 Kxg7 24. axb3 Qc5 25. Qe5+ Qxe5 26. Rxe5 Reb8
27. Rd4 Rd8 28. Rxd8 Rxd8 29. Kf1 Rd2 30. Re2 Rd1+ 31. Re1 Rxe1+ 32. Kxe1 Kf6
33. Kd2 Ke5 34. Kd3 f5 35. c4 b4 36. c5 Kd5 37. c6 Kxc6 38. Kc4 a5 39. g3 g5
40. Kd4 Kb5 41. Ke3 e5 42. f3 Kc5 1/2-1/2

[Event "DVM U20w 2009"]
[Site "Chemnitz GER"]
[Date "2009.12.29"]
[Round "5"]
[White "Jentsch, Jasmin"]
[Black "Heym, Stephanie"]
[Result "1-0"]
[Termination "normal"]
[Board "5.4"]
[WhiteElo "1144"]
[BlackElo "1116"]
[WhiteTeam "TTC GW Fritzdorf 1958"]
[BlackTeam "SF Fichtelgebirge"]
[PlyCount "87"]
[WhiteFideId "12909920"]
[EventCountry "GER"]
[EventRounds "7"]
[EventType "team-swiss"]
[EventDate "2009.12.26"]

1. e4 Nf6 2. Nc3 d6 3. Nf3 b6 4. h3 Bb7 5. Bb5+ Nc6 6. d3 a6 7. Ba4 b5 8. Bb3
e6 9. a3 g6 10. Bg5 Bg7 11. O-O Qd7 12. Rb1 O-O 13. g4 Ne7 14. Re1 e5 15. d4
exd4 16. Nxd4 Nc6 17. Nxc6 Bxc6 18. Bd5 Rfe8 19. Bxf6 Bxf6 20. Bxc6 Qxc6 21.
Qd5 Qb6 22. Qd2 Rad8 23. Nd5 Qd4 24. Qxd4 Bxd4 25. Nxc7 Rf8 26. Nxa6 f5 27. Nc7
Rc8 28. Ne6 Bxf2+ 29. Kxf2 Rxc2+ 30. Re2 Rxe2+ 31. Kxe2 Re8 32. gxf5 gxf5 33.
exf5 Kf7 34. Kf3 Rb8 35. Rd1 Kf6 36. Kf4 Rb6 37. Ng5 h6 38. Ne4+ Ke7 39. f6+
Ke6 40. Rxd6+ Rxd6 41. Nxd6 Kxd6 42. Kf5 Kd7 43. Kg6 Ke8 44. Kg7 1-0

[Event "DVM U20w 2009"]
[Site "Chemnitz GER"]
[Date "2009.12.29"]
[Round "5"]
[White "Lösch, Caroline"]
[Black "Nekrasova, Kateryna"]
[Result "0-1"]
[Termination "normal"]
[Board "6.1"]
[WhiteElo "1278"]
[BlackElo "1810"]
[WhiteTeam "SC Vaterstetten"]
[BlackTeam "SV Empor-Berlin"]
[PlyCount "40"]
[WhiteFideId "12909971"]
[BlackFideId "24636266"]
[EventCountry "GER"]
[EventRounds "7"]
[EventType "team-swiss"]
[EventDate "2009.12.26"]

1. e4 c6 2. d4 d5 3. Nc3 dxe4 4. Nxe4 Bf5 5. Bd3 Qxd4 6. Nf3 Qd8 7. O-O Bxe4 8.
Bxe4 Qxd1 9. Rxd1 Nf6 10. Rd4 Nbd7 11. b4 e5 12. Nxe5 Nxe5 13. Bf4 Ned7 14. Bf5
O-O-O 15. Re1 g6 16. Bh3 Bg7 17. Bg5 h6 18. Bh4 g5 19. Bxd7+ Nxd7 20. Rg4 f5
0-1

[Event "DVM U20w 2009"]
[Site "Chemnitz GER"]
[Date "2009.12.29"]
[Round "5"]
[White "Velina, Valeria"]
[Black "Steinmann, Anna"]
[Result "1-0"]
[Termination "normal"]
[Board "6.2"]
[WhiteElo "1781"]
[BlackElo "1123"]
[WhiteTeam "SV Empor-Berlin"]
[BlackTeam "SC Vaterstetten"]
[PlyCount "85"]
[WhiteFideId "24677345"]
[EventCountry "GER"]
[EventRounds "7"]
[EventType "team-swiss"]
[EventDate "2009.12.26"]

1. e4 e6 2. d4 d5 3. exd5 exd5 4. Bd3 Nc6 5. c3 Nf6 6. Ne2 Bg4 7. O-O Bd6 8.
Re1 O-O 9. f3 Be6 10. Nf4 Re8 11. Nxe6 fxe6 12. Bg5 Qe7 13. Qc2 Qf7 14. Bxf6
gxf6 15. Qf2 Qh5 16. g3 Re7 17. f4 Rg7 18. Rxe6 Qg4 19. f5 Bxg3 20. hxg3 Qd1+
21. Bf1 Qg4 22. Re3 Ne7 23. Rf3 Rg5 24. Bd3 Qh3 25. Nd2 Kh8 26. Qh2 Qg4 27. Kf2
Rh5 28. Qg2 Re8 29. Rh1 Rxh1 30. Qxh1 Qg5 31. Qe1 Qh6 32. Kg2 Rg8 33. Qxe7
Qxd2+ 34. Qe2 Qg5 35. Qe3 Qh5 36. Be2 Qf7 37. Qe6 Qf8 38. Qxd5 c6 39. Qd7 h5
40. Qc7 h4 41. Qf4 hxg3 42. Qh4+ Kg7 43. Rxg3+ 1-0

[Event "DVM U20w 2009"]
[Site "Chemnitz GER"]
[Date "2009.12.29"]
[Round "5"]
[White "Löbel, Annika"]
[Black "Müller, Anna-Louise"]
[Result "0-1"]
[Termination "normal"]
[Board "6.3"]
[WhiteElo "763"]
[BlackElo "1644"]
[WhiteTeam "SC Vaterstetten"]
[BlackTeam "SV Empor-Berlin"]
[PlyCount "50"]
[BlackFideId "4633512"]
[EventCountry "GER"]
[EventRounds "7"]
[EventType "team-swiss"]
[EventDate "2009.12.26"]

1. e4 c5 2. Nc3 d6 3. Bc4 Nf6 4. Nf3 Nc6 5. d3 g6 6. Bf4 Nh5 7. Be3 Bg7 8. O-O
O-O 9. Qd2 Nf6 10. Bh6 Bg4 11. Nh4 Nd4 12. Rae1 Bxh6 13. Qxh6 Nxc2 14. Rc1 Nd4
15. f3 Be6 16. Rfe1 a6 17. e5 dxe5 18. Rxe5 b5 19. Rce1 bxc4 20. Rg5 cxd3 21.
Rxe6 Nxe6 22. Nf5 Kh8 23. g4 gxf5 24. gxf5 Nxg5 25. Qxg5 Rg8 0-1